000 01243nam0a22003011 4500
001 rc\3740156
005 20260406202903.0
021 _aRU
_bРг4709-71
035 _a(NLR Aleph) 007784039
090 _a7600572
_c7600572
100 _a20130115d1970 |||y0rusy50 ca
101 0 _arus
_akaz
102 _aRU
105 _ay z |||||
200 1 _aС Лениным в сердце
_e[Метод. пособие для работников детских б-к и литература о жизни и деятельности В.И. Ленина]
_fГос. респ. дет. б-ка Каз. ССР
210 _aАлма-Ата
_cБ. и.
_d1970
215 _a111 с.
_d20
300 _aТекст на рус. и каз. яз.
300 _aВ вып. дан. сост.: библиограф Огородникова Р.В.
702 1 _aЛенин
_bВ.И.
_f1870-1924
_gВладимир Ильич
_4570
702 1 _aОгородникова
_bР.В.
_4220
712 0 2 _aКазахская республиканская детская библиотека
_cАлма-Ата
_3RU\NLR\AUTH\889962924
_9422143
801 0 _aRU
_bNLR
_gpsbo
801 1 _aRU
_bELAR
_2rusmarc
852 _aNLR
_bОНЛ
942 _cBOOK
980 _aNB